Letters of the Danish/Norwegian alphabet - Statistics

General Stats
  • This quiz has been taken 346 times
  • The average score is 27 of 29
Answer Stats
Letter % Correct
A
100%
B
99%
C
99%
D
99%
E
99%
F
99%
G
99%
H
99%
I
99%
J
98%
K
98%
L
98%
M
97%
N
97%
O
97%
P
97%
Q
95%
R
95%
S
94%
T
94%
U
92%
V
92%
W
90%
X
86%
Y
84%
Z
83%
Æ
66%
Ø
65%
Å
60%
No matching quizzes found
Score Distribution
Percent of People with Each Score
Percentile by Number Answered
Your Score History
You have not taken this quiz